000 00689nam a22002417a 4500
008 150330b xxu||||| |||| 00| 0 eng d
020 _a9780071548533 (alk. paper)
020 _a007154853X (alk. paper)
041 0 _aeng
080 _a004
100 1 _aJay, Rabi.
245 1 0 _aSAP NetWeaver portal technology :
_cRabi Jay.
260 _aNew York :
_bMcGraw-Hill,
_c2008.
300 _a735 f.:
_bme il.;
_c23 cm.
500 _aPreface: f. XXIX-XXXII
505 _aIndex: f.721-735
650 0 0 _aSAP NetWeaver.
650 0 0 _aZhvillimi i Web Faqeve
650 0 0 _aBiznes
650 0 0 _aNdërmarrësi
650 0 0 _aRrjetat Kompjuterike
942 _2udc
_cBK
999 _c593
_d593